|
|
|
|
| LEADER |
00000cam a2200000 7i4500 |
| 001 |
0000014030 |
| 005 |
20080218.0 |
| 008 |
080218 |
| 020 |
|
|
|a 9832431581
|
| 090 |
0 |
0 |
|a 332.109595
|b RUI
|
| 100 |
1 |
|
|a Ruin, Josef Eby
|
| 245 |
1 |
0 |
|a Financial and banking services in Malaysia
|c Josef Eby Ruin
|
| 260 |
|
|
|a Selangor :
|b Leeds Publications ,
|c 2004
|
| 440 |
|
|
|a Comprehensive guide series
|
| 650 |
|
0 |
|a Bank and banking
|x Malaysia
|
| 650 |
|
0 |
|a Banking law
|z Malaysia
|
| 650 |
|
0 |
|a Financial services industry
|z Malaysia
|
| 999 |
|
|
|a 0001011936
|b Book
|c Adult Collection
|e Perbadanan Perpustakaan Awam Johor
|